000 00429nam a2200181Ia 4500
001 15178
005 20260306165008.0
008 260306t2013||||xx |||||||||||||| ||spa||
041 _aESP
082 _a530
_bS42F 2013
100 _aSerway, Raymond A.
_eAUT
245 0 _aFundamentos de física
260 _c2013
300 _axxix, 1008 páginas :
_c27 cm.
650 _aGEN
654 _aCCN
942 _cLIB
_dJUS
_fJUS
_2ddc
_n
999 _c15178
_d15178